000 00201 a2200097 4500
001 4379
100 _aTerman,F.E
245 _aFundmanetals of radio
260 _a
_bMcgrawhill
_c
090 _c3577
_d3577
942 _aNUST-CAE
_cM
_c28635
999 _c239452
_d239452